| 000 | 01670 a2200229 4500 | ||
|---|---|---|---|
| 003 | Nust | ||
| 005 | 20240119085832.0 | ||
| 010 | _a 2004057106 | ||
| 020 | _a0849318890 (alk. paper) | ||
| 040 | _cNust | ||
| 082 | 0 | 0 | _a621.381,ELE |
| 245 | 0 | 4 |
_aThe electronics handbook / _ceditor-in-chief, Jerry C. Whitaker. |
| 250 | _a2nd ed. | ||
| 260 |
_aBoca Raton, FL : _bCRC Press, _c2005. |
||
| 300 |
_axxvi, 2608 p. : _bill. ; _c26 cm. |
||
| 440 | 4 |
_aThe Electrical engineering handbook series _934472 |
|
| 505 |
_aFundamental Electrical Theory (Page-1), Properties of Materials and Components (Page-111), Properties of Passive Components (Page-239), Passive Electrical Circuit (Page-309), Electron Vacuum Devices (Page-353), Microwave Vacuum Devices (Page-475), Semiconductor Devices and Circuits (Page-529), Microelectronics (Page-707), Optoelectronics (Page-875), Power Supplies and Regulation (Page-1013), Packaging Electronic Systems (Page-1259), Communication Principles (Page-1353), Electromagnetic Radiation (Page-1483), Information Recording and Storage(page-1577), Wired Communications Systems (Page-1635), Wireless Communications Systems (Page-1667), Radar and Radio navigation (Page-1801), Control and Instrumentation Technology (Page-1915), Computer Systems (Page-2005), Signal Measurement, Analysis, and Testing (Page-2163), Reliability Engineering (Page-2257), Safety (Page-2317), Engineering Management, Standardization, and Regulation (Page-2343). _t |
||
| 650 | 0 | _aTelecommunication Engineering. | |
| 700 | 1 | _aWhitaker, Jerry C. | |
| 856 | 4 | 2 |
_3Publisher description _uhttp://www.loc.gov/catdir/enhancements/fy0646/2004057106-d.html |
| 942 |
_cREF _2ddc |
||
| 999 |
_c175506 _d175506 |
||